| 000 -LEADER |
| fixed length control field |
00437cam a22001097a 4500 |
| 008 - FIXED-LENGTH DATA ELEMENTS--GENERAL INFORMATION |
| fixed length control field |
180718b2010 xxu||||| |||| 00| 0 eng d |
| 100 ## - MAIN ENTRY--PERSONAL NAME |
| Personal name |
Srivastava, Nidhi |
| 245 ## - TITLE STATEMENT |
| Title |
Drug abuse and drug trafficking in India- need for a comprehensive drug policy |
| Statement of responsibility, etc. |
by Nidhi Srivastava |
| 260 ## - PUBLICATION, DISTRIBUTION, ETC. |
| Place of publication, distribution, etc. |
New Delhi |
| Name of publisher, distributor, etc. |
Indian Institute of Public Administration |
| Date of publication, distribution, etc. |
2010 |
| 300 ## - PHYSICAL DESCRIPTION |
| Extent |
74p. |
| 500 ## - GENERAL NOTE |
| General note |
An APPPA M.Phil dissertation, 2009-10 (Guide: Prof. Sushma Yadav) |